000
00231 a2200097 4500
001
82638
090
_c
39977
_d
39977
100
_a
Rekab,K
245
_a
Statistical design of experements with engineering applications
260
_b
Chapman&Hall
942
_a
NUST-CAE
999
_c
317711
_d
317711